Drilling down into fracking (Record no. 84733)

MARC details
000 -LEADER
fixed length control field 01075cab a22002295a 4500
001 - CONTROL NUMBER
control field L158916
008 - FIXED-LENGTH DATA ELEMENTS--GENERAL INFORMATION
fixed length control field 150930e2015 xxk 000 0 eng d
035 ## - SYSTEM CONTROL NUMBER
System control number (Sirsi) u158916
041 0# - LANGUAGE CODE
Language code of text/sound track or separate title eng
100 1# - MAIN ENTRY--PERSONAL NAME
Personal name May, Caroline
245 00 - TITLE STATEMENT
Title Drilling down into fracking
260 ## - PUBLICATION, DISTRIBUTION, ETC.
Date of publication, distribution, etc. 2015
490 ## - SERIES STATEMENT
Series statement Estates Gazette
Volume/sequential designation (1536) 12 September 2015, 90-92(3)
520 ## - SUMMARY, ETC.
Summary, etc. Examines the legal framework of shale gas planning applications in the context of these applications being fast tracked at the same time as a number of environmental safeguards are introduced. The fast tracking will not mean any changes to existing legislation but the secretary of state will call in shale planning applications on a case by case basis and will be encouraged to take decisions instead of local councils if they repeatedly fail to determine applications within the 16 week statutory timeframe.
590 ## - LOCAL NOTE (RLIN)
Local note KA
651 #4 - SUBJECT ADDED ENTRY--GEOGRAPHIC NAME
Geographic name United Kingdom
690 ## - LOCAL SUBJECT ADDED ENTRY--TOPICAL TERM (OCLC, RLIN)
Topical term or geographic name as entry element Planning and development
9 (RLIN) 6259
690 ## - LOCAL SUBJECT ADDED ENTRY--TOPICAL TERM (OCLC, RLIN)
Topical term or geographic name as entry element Environment
9 (RLIN) 6238
690 ## - LOCAL SUBJECT ADDED ENTRY--TOPICAL TERM (OCLC, RLIN)
Topical term or geographic name as entry element Energy
9 (RLIN) 6237
700 1# - ADDED ENTRY--PERSONAL NAME
Personal name Richards, E
942 ## - ADDED ENTRY ELEMENTS (KOHA)
Suppress in OPAC 0
Holdings
Withdrawn status Lost status Source of classification or shelving scheme Damaged status Not for loan Home library Current library Shelving location Date acquired Total Checkouts Full call number Barcode Date last seen Copy number Price effective from Koha item type
    Dewey Decimal Classification     London London Journal article 30/09/2015   L158916 158916-1001 06/08/2019 1 06/08/2019 Journal article